000 00607nam a2200217 u 4500
005 20240228063930.0
008 080523s2004 ag r 000 0 spa d
020 _a9505344562
035 _aUPN01000156204
049 _aI
050 4 _aPZ71
_bI8.6 2004
100 0 _aIstvansh,
_d1968-
_932497
245 1 0 _aQuiero ganar este concurso /
_cIstvansh.
250 _a2a ed.
260 _aBuenos Aires :
_bA-Z,
_c2004.
300 _a[29] p. :
_bil. col.
650 4 _aLibros y lectura para niños
_92290
650 4 _aDIBUJO -
_vLITERATURA INFANTIL
_911495
650 2 _aNumeración
_926
905 _aInfantil
999 _c128318
_d128318